[Event "4NCL Division Two"]
[Site "Daventry, ENG"]
[Date "2022.10.23"]
[Round "2.52"]
[White "Graham, David B"]
[Black "Voyiakis, Emmanuel"]
[Result "0-1"]
[WhiteElo "2204"]
[BlackElo "2201"]
[PlyCount "100"]
[EventDate "2022.10.23"]
[WhiteTeam "Sussex Martlets 1"]
[BlackTeam "SchachAttack"]

1. e4 c5 2. Nf3 d6 3. d4 cxd4 4. Nxd4 Nf6 5. Nc3 g6 6. g3 Bg7 7. Bg2 O-O 8. O-O Bg4 9. f3 Bd7 10. Be3 Nc6 11. Nd5 Rc8 12. c3 Na5 13. Qe2 Re8 14. Rad1 Nc4 15. Bf2 e5 16. Nb3 Nxd5 17. Rxd5 Be6 18. Rd3 Qc7 19. Rfd1 b5 20. Nc1 Rcd8 21. b3 Nb6 22. Bxb6 Qxb6+ 23. Qf2 Qc7 24. Qf1 a5 25. Bh3 f5 26. Qf2 a4 27. Qd2 axb3 28. axb3 fxe4 29. Bxe6+ Rxe6 30. fxe4 Qc6 31. Rd5 Rf6 32. Nd3 Rdf8 33. Kg2 Rf3 34. Rc1 Bh6 35. Qxh6 Rxd3 36. Qxf8+ Kxf8 37. Rxd3 Qxe4+ 38. Rf3+ Ke7 39. Rcf1 Qc2+ 40. Kh3 Qxb3 41. Kg4 Qd5 42. Rf8 Qe6+ 43. Kg5 Qh3 44. R8f7+ Ke6 45. R7f6+ Kd5 46. Rd1+ Kc5 47. Rfxd6 Qf5+ 48. Kh6 Qf8+ 49. Kxh7 Qxd6 50. Rxd6 Kxd6 0-1

[Event "4NCL Division Two"]
[Site "Daventry, ENG"]
[Date "2022.10.23"]
[Round "2.53"]
[White "Nicholas, Koichi B"]
[Black "Payne, Matthew J"]
[Result "1-0"]
[WhiteElo "2163"]
[BlackElo "2211"]
[PlyCount "127"]
[EventDate "2022.10.23"]
[WhiteTeam "SchachAttack"]
[BlackTeam "Sussex Martlets 1"]

1. e4 e6 2. d4 d5 3. Nc3 Nf6 4. Bg5 Bb4 5. e5 h6 6. Bd2 Bxc3 7. bxc3 Ne4 8. Qg4 Kf8 9. Bd3 Nxd2 10. Kxd2 c5 11. h4 Nc6 12. Rh3 c4 13. Rg3 cxd3 14. Qxg7+ Ke7 15. Nh3 Qf8 16. Qf6+ Ke8 17. cxd3 Ne7 18. Rf3 Rg8 19. Nf4 Qg7 20. Nh5 Qg6 21. g4 Rf8 22. Rg1 Bd7 23. Rgg3 Kd8 24. Qf4 Rc8 25. Kc2 Ba4+ 26. Kd2 b5 27. a3 Nc6 28. Qe3 Na5 29. Ke2 Rh8 30. Rf6 Qg8 31. Qf4 Ke7 32. Rf3 Rh7 33. Rxh6 Rxh6 34. Qxh6 Qg6 35. Qxg6 fxg6 36. Nf4 Rg8 37. Nh3 Rf8 38. Nf4 Rg8 39. Nh3 Rf8 40. Rxf8 Kxf8 41. Ng5 b4 42. axb4 Nb7 43. Nxe6+ Kf7 44. Nf4 Bb3 45. Nh3 Nd8 46. Ng5+ Kg7 47. f4 Nf7 48. Nxf7 Kxf7 49. f5 Ba4 50. Ke3 Bd1 51. e6+ Kf6 52. Kf4 gxf5 53. gxf5 Bc2 54. h5 Bxd3 55. h6 Bxf5 56. e7 Bg6 57. h7 Kg7 58. Ke5 Bf7 59. Kd6 Kxh7 60. Kd7 Kg6 61. e8=Q Bxe8+ 62. Kxe8 Kf5 63. Kd7 Ke4 64. Kc6 1-0

[Event "4NCL Division Two"]
[Site "Daventry, ENG"]
[Date "2022.10.23"]
[Round "2.54"]
[White "Bucher, Grant W"]
[Black "Wilks, Simon"]
[Result "1/2-1/2"]
[WhiteElo "2128"]
[BlackElo "2203"]
[PlyCount "113"]
[EventDate "2022.10.23"]
[WhiteTeam "Sussex Martlets 1"]
[BlackTeam "SchachAttack"]

1. e4 e6 2. d4 d5 3. Bd3 dxe4 4. Bxe4 Nf6 5. Bf3 c5 6. Ne2 Nc6 7. Be3 cxd4 8. Nxd4 Ne5 9. Nc3 a6 10. Qe2 Nxf3+ 11. Nxf3 Qc7 12. O-O-O b5 13. Bd4 Bb7 14. Bxf6 gxf6 15. Nd5 Bxd5 16. Rxd5 Be7 17. Rd3 Rc8 18. Rhd1 Rg8 19. g3 Qb7 20. Nd4 Rg5 21. Nb3 Re5 22. Qd2 b4 23. f4 Rb5 24. Rd7 Qc6 25. Qd3 f5 26. Rxe7+ Kxe7 27. Nd4 Qc4 28. Qxc4 Rxc4 29. Nxb5 axb5 30. Rd3 f6 31. Kd2 h6 32. a3 Re4 33. Rb3 bxa3 34. Rxa3 e5 35. fxe5 fxe5 36. Ra6 f4 37. gxf4 exf4 38. Rxh6 f3 39. Rh3 Re2+ 40. Kd3 Kd6 41. Rxf3 Rxh2 42. Kc3 Rh4 43. Kb3 Kc5 44. Rf5+ Kc6 45. c3 Rg4 46. Rf8 Rh4 47. Rc8+ Kb7 48. Rd8 Kc6 49. Rd4 Rh6 50. Rg4 Rf6 51. Kb4 Kb6 52. b3 Rh6 53. Rg5 Rh4+ 54. c4 bxc4 55. Rg6+ Kc7 56. bxc4 Rh5 57. c5 1/2-1/2

[Event "4NCL Division Two"]
[Site "Daventry, ENG"]
[Date "2022.10.23"]
[Round "2.55"]
[White "Waller, Dan"]
[Black "Willson, Ollie"]
[Result "1-0"]
[WhiteElo "2145"]
[BlackElo "2118"]
[PlyCount "127"]
[EventDate "2022.10.23"]
[WhiteTeam "SchachAttack"]
[BlackTeam "Sussex Martlets 1"]

1. e4 c5 2. Nf3 e6 3. d4 cxd4 4. Nxd4 Nc6 5. Nc3 Qc7 6. Be3 a6 7. Qf3 Bd6 8. O-O-O Be5 9. Nxc6 bxc6 10. Bd4 Nf6 11. Bxe5 Qxe5 12. Be2 O-O 13. Qe3 Qa5 14. g4 d5 15. f3 Rb8 16. b3 c5 17. exd5 Nxd5 18. Nxd5 exd5 19. Rxd5 Qxa2 20. Qc3 Be6 21. Rxc5 Qa3+ 22. Kd2 Rfc8 23. b4 Qxb4 24. Qxb4 Rxb4 25. Rxc8+ Bxc8 26. Kc3 Rb6 27. Rd1 Rc6+ 28. Kb4 Kf8 29. c4 Ke7 30. h4 h6 31. Bd3 Rd6 32. Re1+ Be6 33. Be4 Kd7 34. c5 Rd2 35. Rb1 Kc8 36. Ka5 Bc4 37. Kb6 g6 38. Bb7+ Kd8 39. c6 Be6 40. c7+ Ke7 41. Re1 Rb2+ 42. Kxa6 Kd6 43. Rxe6+ Kxc7 44. Re7+ Kd6 45. Rxf7 Rh2 46. h5 gxh5 47. Rf6+ Ke7 48. Rxh6 Ra2+ 49. Kb6 hxg4 50. fxg4 Rb2+ 51. Kc5 Kf7 52. Be4 Kg7 53. Rg6+ Kf7 54. Rb6 Rd2 55. Rd6 Re2 56. Kd4 Ke7 57. Ra6 Kf7 58. Ke5 Kg7 59. g5 Rb2 60. Ra7+ Kh8 61. g6 Rb5+ 62. Kf6 Rb6+ 63. Kg5 Kg8 64. Bd5+ 1-0

[Event "4NCL Division Two"]
[Site "Daventry, ENG"]
[Date "2022.10.23"]
[Round "2.56"]
[White "Grant, David J"]
[Black "Zhang, Anthony Y"]
[Result "1/2-1/2"]
[WhiteElo "2202"]
[BlackElo "2169"]
[PlyCount "53"]
[EventDate "2022.10.23"]
[WhiteTeam "Sussex Martlets 1"]
[BlackTeam "SchachAttack"]

1. e4 c5 2. Nf3 Nc6 3. Bb5 g6 4. O-O Bg7 5. c3 Nf6 6. e5 Nd5 7. d4 cxd4 8. cxd4 O-O 9. Nc3 Nxc3 10. bxc3 d6 11. Re1 Bg4 12. exd6 Qxd6 13. h3 Bxf3 14. Qxf3 e6 15. Bf4 Qd7 16. Rad1 a6 17. Bxc6 bxc6 18. Rb1 Rfc8 19. Rb6 Qd5 20. Qe2 Qa5 21. Rb7 Re8 22. Qc4 Rac8 23. Re3 Bf8 24. Re5 Qa3 25. Re2 Qa5 26. Re5 Qa3 27. Re2 1/2-1/2

[Event "4NCL Division Two"]
[Site "Daventry, ENG"]
[Date "2022.10.23"]
[Round "2.57"]
[White "Alizada, Eldar"]
[Black "Forster, Matthew"]
[Result "1-0"]
[WhiteElo "2076"]
[BlackElo "2049"]
[PlyCount "91"]
[EventDate "2022.10.23"]
[WhiteTeam "SchachAttack"]
[BlackTeam "Sussex Martlets 1"]

1. d4 d5 2. c4 dxc4 3. e3 e6 4. Bxc4 a6 5. Nf3 Nf6 6. O-O b5 7. Bb3 Bb7 8. a4 b4 9. Nbd2 Nbd7 10. Qe2 c5 11. Nc4 Be7 12. Rd1 Qc7 13. a5 O-O 14. Bd2 Rac8 15. Rac1 Qb8 16. Nfe5 Rfd8 17. Nxd7 Nxd7 18. Be1 cxd4 19. exd4 Bd5 20. Ba4 Qb7 21. f3 Nb8 22. Nb6 Rxc1 23. Rxc1 Bc6 24. Bxc6 Nxc6 25. Qe4 Rd6 26. Bg3 f5 27. Qe3 Bf6 28. Bxd6 Bxd4 29. Qxd4 Nxd4 30. Rc8+ Kf7 31. Rc7+ Qxc7 32. Bxc7 b3 33. Nc4 g5 34. Bb6 Nc2 35. Nd2 Na1 36. Kf2 e5 37. Ke2 h5 38. Kd3 Ke6 39. Kc3 e4 40. fxe4 f4 41. Bd8 Nc2 42. Bxg5 Ke5 43. Bd8 Ne3 44. Bc7+ Ke6 45. Bxf4 Nxg2 46. Bb8 1-0

[Event "4NCL Division Two"]
[Site "Daventry, ENG"]
[Date "2022.10.23"]
[Round "2.58"]
[White "Graham, Cassie M"]
[Black "Sheikh, Anum"]
[Result "1/2-1/2"]
[WhiteElo "1983"]
[BlackElo "2007"]
[PlyCount "84"]
[EventDate "2022.10.23"]
[WhiteTeam "Sussex Martlets 1"]
[BlackTeam "SchachAttack"]

1. e4 Nf6 2. e5 Nd5 3. d4 Nb6 4. c4 d6 5. exd6 cxd6 6. Nc3 g6 7. Nf3 Bg7 8. Be3 Bg4 9. h3 Bxf3 10. Qxf3 Nc6 11. Rd1 O-O 12. h4 h6 13. h5 e5 14. d5 Nd4 15. Bxd4 exd4 16. Ne4 Qe7 17. Be2 Nxc4 18. Bxc4 f5 19. O-O fxe4 20. Qg4 e3 21. fxe3 Qxe3+ 22. Kh1 Rac8 23. b3 gxh5 24. Qxh5 Qg5 25. Qxg5 hxg5 26. Rxf8+ Rxf8 27. Kg1 Be5 28. Rf1 Bf4 29. g4 Kg7 30. Kg2 Rh8 31. Rh1 Rxh1 32. Kxh1 Kf6 33. Kg2 Ke5 34. Kf3 b5 35. Bxb5 Kxd5 36. Be8 a5 37. Ke2 Kc5 38. Kd3 Be3 39. Bf7 d5 40. Bg8 Kd6 41. Bf7 Ke5 42. a4 Kd6 1/2-1/2

[Event "4NCL Division Two"]
[Site "Daventry, ENG"]
[Date "2022.10.23"]
[Round "2.61"]
[White "Jackson, James P"]
[Black "Bansal, Rohan"]
[Result "1/2-1/2"]
[WhiteElo "2408"]
[BlackElo "2093"]
[PlyCount "68"]
[EventDate "2022.10.23"]
[WhiteTeam "The Rookies"]
[BlackTeam "KJCA Kings"]

1. e4 e6 2. d4 d5 3. e5 c5 4. c3 Bd7 5. Nf3 Qb6 6. Bd3 Bb5 7. dxc5 Bxc5 8. b4 Bxd3 9. Qxd3 Bf8 10. Be3 Qc7 11. O-O Nd7 12. Nbd2 Ne7 13. Rfe1 Nc6 14. Bf4 Be7 15. a3 O-O 16. c4 dxc4 17. Nxc4 Rfd8 18. Qe4 Nb6 19. Rac1 Nxc4 20. Rxc4 Qd7 21. Bd2 a6 22. Be3 Qd3 23. Bb6 Qxe4 24. Rexe4 Rd1+ 25. Ne1 Rd5 26. f4 Rb5 27. Bc5 Bxc5+ 28. Rxc5 Rxc5 29. bxc5 Rd8 30. Kf2 Rd2+ 31. Ke3 Ra2 32. a4 Kf8 33. Kd3 Rf2 34. Rc4 Ke7 1/2-1/2

[Event "4NCL Division Two"]
[Site "Daventry, ENG"]
[Date "2022.10.23"]
[Round "2.62"]
[White "Verma, Shlok"]
[Black "Burrows, Martin P"]
[Result "1/2-1/2"]
[WhiteElo "2151"]
[BlackElo "2092"]
[PlyCount "48"]
[EventDate "2022.10.23"]
[WhiteTeam "KJCA Kings"]
[BlackTeam "The Rookies"]

1. d4 Nf6 2. c4 e6 3. Nf3 b6 4. g3 Ba6 5. Qa4 Bb7 6. Bg2 c5 7. dxc5 Bxc5 8. Nc3 O-O 9. O-O Be7 10. Rd1 Na6 11. Bf4 Nc5 12. Qc2 Qc8 13. Rac1 Nce4 14. Nxe4 Bxe4 15. Qc3 Qb7 16. Bd6 Bxd6 17. Rxd6 Bc6 18. Qe3 Rac8 19. b3 b5 20. cxb5 Qxb5 21. Rdd1 Qb7 22. Ne1 Bxg2 23. Nxg2 d5 24. Nf4 h6 1/2-1/2

[Event "4NCL Division Two"]
[Site "Daventry, ENG"]
[Date "2022.10.23"]
[Round "2.63"]
[White "Okhai, Shabir"]
[Black "Skettos, Nicolas"]
[Result "1-0"]
[WhiteElo "2134"]
[BlackElo "2043"]
[PlyCount "99"]
[EventDate "2022.10.23"]
[WhiteTeam "The Rookies"]
[BlackTeam "KJCA Kings"]

1. e4 e6 2. d4 d5 3. Nc3 Nf6 4. e5 Nfd7 5. f4 c5 6. Nf3 Be7 7. Be3 b6 8. Qd2 O-O 9. Nd1 a5 10. c3 a4 11. Bd3 Ba6 12. Bc2 a3 13. b3 Nc6 14. Rc1 Rc8 15. Bb1 cxd4 16. Nxd4 Nxd4 17. Bxd4 f5 18. b4 Qc7 19. Be3 Qd8 20. Nf2 Qe8 21. Bd3 Bc4 22. O-O Kh8 23. Rfd1 Qh5 24. Bxc4 Rxc4 25. Nd3 Rg8 26. Rf1 Rgc8 27. Bd4 g5 28. Qd1 Qxd1 29. Rcxd1 g4 30. Ne1 b5 31. Nc2 Ra8 32. Rb1 Rc6 33. Rb3 Rca6 34. Bf2 Kg7 35. Nd4 Rb8 36. Be3 Bd8 37. Kf2 Kf7 38. Nc2 Rba8 39. Ke2 Bb6 40. Bxb6 Rxb6 41. Kd3 Rba6 42. Rh1 Kg6 43. h3 h5 44. hxg4 fxg4 45. Rh4 Rf8 46. g3 Rfa8 47. Nd4 Rb6 48. Rb1 Rc8 49. Rbh1 Rh8 50. Rxg4+ 1-0

[Event "4NCL Division Two"]
[Site "Daventry, ENG"]
[Date "2022.10.23"]
[Round "2.64"]
[White "Young, Daniel J"]
[Black "Jones, Christopher M"]
[Result "1/2-1/2"]
[WhiteElo "1984"]
[BlackElo "2137"]
[PlyCount "173"]
[EventDate "2022.10.23"]
[WhiteTeam "KJCA Kings"]
[BlackTeam "The Rookies"]

1. Nf3 e6 2. c4 f5 3. g3 Nf6 4. Bg2 d6 5. d4 Be7 6. O-O O-O 7. Nc3 Qe8 8. Re1 Ne4 9. Nxe4 fxe4 10. Ng5 Bxg5 11. Bxg5 Qg6 12. Be3 Nd7 13. Qc2 Nf6 14. f3 d5 15. fxe4 Ng4 16. Qd3 dxc4 17. Qc3 Qh5 18. h3 Nxe3 19. Qxe3 e5 20. g4 Qg6 21. d5 h5 22. gxh5 Qxh5 23. Rf1 Bd7 24. Rac1 b5 25. b3 Rxf1+ 26. Rxf1 cxb3 27. axb3 a5 28. Rc1 a4 29. bxa4 bxa4 30. Rxc7 a3 31. Ra7 Rxa7 32. Qxa7 Bxh3 33. Qa8+ Kf7 34. Qa7+ Kg6 35. Qxa3 Bxg2 36. Qg3+ Kf7 37. Qxg2 Qh6 38. Qf3+ Ke8 39. Qg3 Qb6+ 40. Kg2 Qb2 41. Qg4 Qd4 42. Qg6+ Kd8 43. Qh7 g5 44. Qg8+ Kd7 45. Qf7+ Kd8 46. Qf5 Qd2 47. Kf3 Qc1 48. Qf6+ Kd7 49. Qe6+ Kd8 50. Qd6+ Ke8 51. Qxe5+ Kf7 52. Qe6+ Kg7 53. Qd7+ Kh8 54. Qe8+ Kg7 55. Qe5+ Kg6 56. Qf5+ Kg7 57. Kg4 Qg1+ 58. Kh5 Qh2+ 59. Kxg5 Qxe2 60. Qg6+ Kf8 61. Kf6 Qb2+ 62. Ke6 Qb6+ 63. Kf5 Qf2+ 64. Kg5 Qg3+ 65. Kf6 Qd6+ 66. Kf5 Qa3 67. Qf6+ Kg8 68. d6 Qd3 69. Qd8+ Kg7 70. Qe7+ Kh8 71. d7 Qf3+ 72. Ke5 Qc3+ 73. Ke6 Qb3+ 74. Kf6 Qf3+ 75. Kg6 Qg4+ 76. Kf7 Qh5+ 77. Kf8 Qh6+ 78. Ke8 Qg6+ 79. Kd8 Qb6+ 80. Kc8 Qc6+ 81. Kb8 Qb6+ 82. Kc8 Qc6+ 83. Kd8 Qb6+ 84. Ke8 Qg6+ 85. Qf7 Qxe4+ 86. Kf8 Qe7+ 87. Kxe7 1/2-1/2

[Event "4NCL Division Two"]
[Site "Daventry, ENG"]
[Date "2022.10.23"]
[Round "2.65"]
[White "Agnew, Alan"]
[Black "Bansal, Saahil"]
[Result "1/2-1/2"]
[WhiteElo "2089"]
[BlackElo "2058"]
[PlyCount "60"]
[EventDate "2022.10.23"]
[WhiteTeam "The Rookies"]
[BlackTeam "KJCA Kings"]

1. d4 Nf6 2. c4 e6 3. Nf3 d5 4. cxd5 exd5 5. Nc3 c6 6. Qc2 Be6 7. Bg5 Nbd7 8. e3 h6 9. Bh4 g5 10. Bg3 Nh5 11. Bd3 Nxg3 12. hxg3 Qf6 13. O-O-O O-O-O 14. Kb1 Kb8 15. Rhe1 Nb6 16. Ne5 c5 17. dxc5 Bxc5 18. Nf3 Rc8 19. Re2 Bb4 20. Nd4 Nc4 21. Qb3 Qe7 22. Bxc4 Rxc4 23. Rc2 Rhc8 24. Ka1 Bxc3 25. Rxc3 Qc5 26. Nxe6 fxe6 27. Rxc4 Qxc4 28. Qxc4 Rxc4 29. Kb1 Rc7 30. Rh1 Rf7 1/2-1/2

[Event "4NCL Division Two"]
[Site "Daventry, ENG"]
[Date "2022.10.23"]
[Round "2.66"]
[White "Jakhria, Kushal"]
[Black "Compton, Alistair"]
[Result "0-1"]
[WhiteElo "2063"]
[BlackElo "2040"]
[PlyCount "104"]
[EventDate "2022.10.23"]
[WhiteTeam "KJCA Kings"]
[BlackTeam "The Rookies"]

1. d4 d5 2. c4 e6 3. Nf3 c5 4. cxd5 exd5 5. g3 Nc6 6. Bg2 Nf6 7. O-O Be7 8. Nc3 O-O 9. Bg5 c4 10. Ne5 Be6 11. Nxc6 bxc6 12. b3 h6 13. Bxf6 Bxf6 14. Na4 Rb8 15. e3 Qc8 16. Nc5 Be7 17. bxc4 dxc4 18. Qa4 Bxc5 19. dxc5 Rb5 20. Qxa7 Qb8 21. Qxb8 Rfxb8 22. Bxc6 Rxc5 23. Be4 Bd5 24. Bxd5 Rxd5 25. Rfc1 Rb2 26. a4 Rdd2 27. Rf1 Ra2 28. Rxa2 Rxa2 29. Rc1 Rxa4 30. e4 Kf8 31. Kf1 Ke7 32. Rc3 Kd6 33. Ke2 Kc5 34. Ke3 Rb4 35. f4 Rb2 36. e5 Kd5 37. h3 g5 38. fxg5 hxg5 39. h4 gxh4 40. gxh4 Rh2 41. Kf4 Rxh4+ 42. Kf5 Rh1 43. Rf3 Re1 44. Kf6 Rxe5 45. Kxf7 Kd4 46. Kf6 Re3 47. Rf1 Kd3 48. Kf5 c3 49. Rd1+ Ke2 50. Rd8 c2 51. Rc8 Kd2 52. Rd8+ Rd3 0-1

[Event "4NCL Division Two"]
[Site "Daventry, ENG"]
[Date "2022.10.23"]
[Round "2.67"]
[White "Gibson, Christopher A"]
[Black "Verbytski, Oleg"]
[Result "0-1"]
[WhiteElo "1851"]
[BlackElo "1771"]
[PlyCount "52"]
[EventDate "2022.10.23"]
[WhiteTeam "The Rookies"]
[BlackTeam "KJCA Kings"]

1. e4 c5 2. c3 Nf6 3. e5 Nd5 4. Nf3 Nc6 5. Bc4 Nb6 6. Bb3 d6 7. exd6 Qxd6 8. d4 cxd4 9. cxd4 Bg4 10. Bxf7+ Kxf7 11. Ng5+ Kg8 12. Qxg4 Nxd4 13. O-O Nc2 14. Nc3 Nxa1 15. Bf4 Qg6 16. Rxa1 h6 17. Qe6+ Qxe6 18. Nxe6 Kf7 19. Re1 g5 20. Be5 Rg8 21. Nc5 Nc4 22. Nxb7 Nxe5 23. Rxe5 Bg7 24. Re2 Rab8 25. Nc5 Bxc3 26. bxc3 Rb1+ 0-1

[Event "4NCL Division Two"]
[Site "Daventry, ENG"]
[Date "2022.10.23"]
[Round "2.68"]
[White "Willow, Hambel M"]
[Black "Pyun, Lindsay"]
[Result "1/2-1/2"]
[WhiteElo "1763"]
[BlackElo "1532"]
[PlyCount "73"]
[EventDate "2022.10.23"]
[WhiteTeam "KJCA Kings"]
[BlackTeam "The Rookies"]

1. d4 d5 2. c4 c6 3. Nf3 Nf6 4. Nc3 e6 5. Bg5 h6 6. Bh4 Be7 7. e3 O-O 8. Qc2 Nbd7 9. Bd3 dxc4 10. Bxc4 b5 11. Bd3 Bb7 12. O-O Rc8 13. a3 a5 14. Rfd1 Qc7 15. Rac1 Bd6 16. e4 Bf4 17. Rb1 e5 18. Ne2 g5 19. Bg3 Nh5 20. dxe5 Bxe5 21. Qd2 Nxg3 22. hxg3 Bg7 23. Ned4 Ne5 24. Nf5 Nxd3 25. Qxd3 Rfd8 26. Qe3 Rxd1+ 27. Rxd1 Rd8 28. Rxd8+ Qxd8 29. Nxg7 Kxg7 30. Nd4 Bc8 31. Qc3 f6 32. Kh2 Qe8 33. Qxc6 Qh5+ 34. Kg1 Qd1+ 35. Kh2 Qh5+ 36. Kg1 Qd1+ 37. Kh2 1/2-1/2

﻿

[Event "4NCL Division Two"]
[Site "Daventry, ENG"]
[Date "2023.01.15"]
[Round "4.11"]
[White "Chan, Kim Yew"]
[Black "Davies, Nigel R"]
[Result "1/2-1/2"]
[WhiteElo "2278"]
[BlackElo "2398"]
[PlyCount "58"]
[EventDate "2023.01.15"]
[WhiteTeam "SchachAttack"]
[BlackTeam "The ADs"]

1. Nf3 d6 2. d4 g6 3. e4 Nf6 4. Nc3 Bg7 5. Be2 O-O 6. O-O a6 7. a4 Nc6 8. Be3
e5 9. dxe5 dxe5 10. Bc5 Re8 11. Qxd8 Nxd8 12. Be3 Nc6 13. Bc4 Be6 14. Bxe6 Rxe6
15. Nd5 Rc8 16. Nxf6+ Bxf6 17. Rfd1 Rd8 18. Rxd8+ Bxd8 19. Rd1 Rd6 20. Rxd6
cxd6 21. Ne1 f5 22. f3 Kf7 23. Nd3 Ke6 24. Kf2 Be7 25. b3 b5 26. axb5 axb5 27.
c4 bxc4 28. bxc4 Na5 29. Nb2 Bd8 1/2-1/2

[Event "4NCL Division Two"]
[Site "Daventry, ENG"]
[Date "2023.01.15"]
[Round "4.12"]
[White "Richardson, John R"]
[Black "Waller, Dan"]
[Result "1-0"]
[WhiteElo "2268"]
[BlackElo "2146"]
[PlyCount "69"]
[EventDate "2023.01.15"]
[WhiteTeam "The ADs"]
[BlackTeam "SchachAttack"]

1. d4 d5 2. c4 c6 3. Nc3 Nf6 4. Nf3 dxc4 5. a4 Bf5 6. Ne5 Nbd7 7. Nxc4 Qc7 8.
g3 e5 9. dxe5 Nxe5 10. Bf4 Nfd7 11. Bg2 f6 12. O-O g5 13. Nxe5 Nxe5 14. Bxe5
fxe5 15. Rc1 Qb6 16. e4 Bg6 17. Qg4 Qd8 18. Rfd1 Qe7 19. Nb5 h5 20. Nc7+ Qxc7
21. Qe6+ Qe7 22. Qxg6+ Qf7 23. Qxg5 Be7 24. Qxe5 O-O 25. Rd7 Qxf2+ 26. Kh1 Bf6
27. Qe6+ Kh8 28. Rf1 Rae8 29. Qh3 Qe2 30. Bf3 Qxf1+ 31. Qxf1 Bxb2 32. Qh3 Re5
33. Rxb7 Bd4 34. Qd7 Rxf3 35. Qh7# 1-0

[Event "4NCL Division Two"]
[Site "Daventry, ENG"]
[Date "2023.01.15"]
[Round "4.13"]
[White "Voyiakis, Emmanuel"]
[Black "Ahluwalia, Amardip"]
[Result "1-0"]
[WhiteElo "2210"]
[BlackElo "2192"]
[PlyCount "115"]
[EventDate "2023.01.15"]
[WhiteTeam "SchachAttack"]
[BlackTeam "The ADs"]

1. Nf3 Nf6 2. g3 g6 3. b4 Bg7 4. Bb2 d5 5. Bg2 O-O 6. O-O Nbd7 7. d3 Re8 8.
Nbd2 e5 9. e4 c6 10. c4 d4 11. c5 b6 12. cxb6 Nxb6 13. Nb3 Nfd7 14. a4 Ba6 15.
Na5 Rc8 16. Qb3 Rc7 17. Rfc1 c5 18. b5 Bb7 19. Rc2 Bf8 20. Ba3 Ba8 21. Nd2 Kg7
22. Nac4 Nxc4 23. Nxc4 Rc8 24. a5 Rb8 25. Rb1 Bc6 26. b6 axb6 27. axb6 Ra8 28.
Ra2 Ba4 29. Qb2 Bc6 30. Qb3 Ba4 31. Qb2 Bc6 32. Qd2 Qc8 33. Bc1 Ra6 34. Bh3
Rxa2 35. Qxa2 f6 36. Qa7 Rd8 37. Na5 Bd6 38. b7 Qc7 39. Nxc6 Qxc6 40. Bxd7 Qxd7
41. b8=Q Bxb8 42. Qxd7+ Rxd7 43. Rxb8 c4 44. dxc4 d3 45. Bd2 Rd4 46. f3 Rxc4
47. Rd8 f5 48. exf5 gxf5 49. Rxd3 e4 50. fxe4 Rxe4 51. Kf2 h5 52. Rd4 Re6 53.
Bc3 Kg6 54. Rc4 Ra6 55. h4 Re6 56. Kf3 Re7 57. Rc6+ Kh7 58. Kf4 1-0

[Event "4NCL Division Two"]
[Site "Daventry, ENG"]
[Date "2023.01.15"]
[Round "4.14"]
[White "Snape, Ian L"]
[Black "Nicholas, Koichi B"]
[Result "1-0"]
[WhiteElo "2143"]
[BlackElo "2174"]
[PlyCount "93"]
[EventDate "2023.01.15"]
[WhiteTeam "The ADs"]
[BlackTeam "SchachAttack"]

1. c4 c5 2. Nf3 Nc6 3. Nc3 Nf6 4. g3 g6 5. Bg2 Bg7 6. O-O O-O 7. d4 cxd4 8.
Nxd4 Ng4 9. e3 d6 10. h3 Nge5 11. b3 Re8 12. Bb2 Nxd4 13. exd4 Nc6 14. d5 Ne5
15. Kh1 Qb6 16. Na4 Qa6 17. f4 Nd7 18. Bxg7 Kxg7 19. Qd4+ Kg8 20. Nc3 Qb6 21.
Qd2 a6 22. Rae1 Kg7 23. Re2 f6 24. Rfe1 Kf7 25. Ne4 Qc7 26. Nc3 Rb8 27. Re3 Nf8
28. Qe2 b6 29. Kh2 Rb7 30. h4 h5 31. Bf3 Qd7 32. Re6 Kg7 33. f5 Nxe6 34. dxe6
Qc7 35. Bxh5 Rh8 36. Qg4 g5 37. hxg5 Kf8 38. gxf6 exf6 39. e7+ Qxe7 40. Rxe7
Rxe7 41. Qg6 Rhh7 42. Qxf6+ Ref7 43. Qd8+ Kg7 44. Qg5+ Kh8 45. g4 Bd7 46. Qd8+
Kg7 47. f6+ 1-0

[Event "4NCL Division Two"]
[Site "Daventry, ENG"]
[Date "2023.01.15"]
[Round "4.15"]
[White "Shepherd, Tom"]
[Black "Roe, Simon J"]
[Result "1/2-1/2"]
[WhiteElo "2109"]
[BlackElo "2146"]
[PlyCount "63"]
[EventDate "2023.01.15"]
[WhiteTeam "SchachAttack"]
[BlackTeam "The ADs"]

1. d4 d5 2. c4 dxc4 3. Nf3 Nf6 4. e3 Bg4 5. Bxc4 e6 6. O-O a6 7. Nc3 Nc6 8. h3
Bh5 9. Be2 Bd6 10. e4 Bxf3 11. Bxf3 Nxd4 12. e5 Nxf3+ 13. Qxf3 Bxe5 14. Qxb7
O-O 15. Be3 Qb8 16. Qxb8 Raxb8 17. Rab1 Rfd8 18. Rfc1 h6 19. Na4 Nd5 20. Bd2
Nf4 21. Bxf4 Bxf4 22. Rc4 Be5 23. Rc2 Rb4 24. b3 Rbd4 25. g3 g5 26. Kg2 Kg7 27.
Re1 Kf6 28. Nc5 Bd6 29. Nxa6 Ra8 30. Nxc7 Bxc7 31. Rxc7 Rxa2 32. Re3 1/2-1/2

[Event "4NCL Division Two"]
[Site "Daventry, ENG"]
[Date "2023.01.15"]
[Round "4.16"]
[White "Ahluwalia, Balvinder"]
[Black "Moyse, Nigel John"]
[Result "0-1"]
[WhiteElo "1162"]
[BlackElo "2034"]
[PlyCount "26"]
[EventDate "2023.01.15"]
[WhiteTeam "The ADs"]
[BlackTeam "SchachAttack"]

1. d4 Nf6 2. Bf4 d6 3. Nf3 Nbd7 4. e3 g6 5. c3 Bg7 6. Bd3 O-O 7. Nbd2 c5 8. h3
cxd4 9. Nxd4 e5 10. Bg3 exd4 11. exd4 Re8+ 12. Be2 Qe7 13. O-O Qxe2 0-1

[Event "4NCL Division Two"]
[Site "Daventry, ENG"]
[Date "2023.01.15"]
[Round "4.21"]
[White "Jackson, James P"]
[Black "Cherniaev, Alexander"]
[Result "0-1"]
[WhiteElo "2400"]
[BlackElo "2374"]
[PlyCount "68"]
[EventDate "2023.01.15"]
[WhiteTeam "The Rookies"]
[BlackTeam "Barnet Knights A"]

1. e4 Nc6 2. Nf3 d6 3. d4 Nf6 4. c3 g6 5. Bd3 Bg7 6. O-O O-O 7. Re1 e5 8. h3 a5
9. Bb5 Nd7 10. Bg5 Qe8 11. Qd2 Nd8 12. Bh6 f6 13. Na3 Qe7 14. Bxg7 Kxg7 15. Bf1
Nb6 16. Nc2 Ne6 17. Kh2 Bd7 18. Ne3 Ng5 19. Nxg5 fxg5 20. Nd5 Nxd5 21. exd5
Rae8 22. dxe5 dxe5 23. g3 g4 {(=)} 24. h4 Qc5 25. Re3 Re7 26. Bg2 e4 27. Kg1
Bf5 28. Rd1 Rd8 29. Qd4+ Qxd4 30. Rxd4 Kf6 31. Bxe4 c5 32. Rc4 b5 33. Rxc5 Bxe4
34. Rxb5 Bxd5 0-1

[Event "4NCL Division Two"]
[Site "Daventry, ENG"]
[Date "2023.01.15"]
[Round "4.22"]
[White "Rocco, Federico"]
[Black "Okhai, Shabir"]
[Result "1-0"]
[WhiteElo "2192"]
[BlackElo "2149"]
[PlyCount "69"]
[EventDate "2023.01.15"]
[WhiteTeam "Barnet Knights A"]
[BlackTeam "The Rookies"]

1. e4 e5 2. Nf3 Nc6 3. Bb5 a6 4. Ba4 Nf6 5. O-O Nxe4 6. d4 b5 7. Bb3 d5 8. dxe5
Be6 9. c3 Be7 10. Nbd2 O-O 11. Bc2 f5 12. Nb3 Qd7 13. Nfd4 Nxd4 14. cxd4 a5 15.
f3 a4 16. Nd2 Nxd2 17. Bxd2 c5 18. dxc5 Bxc5+ 19. Kh1 a3 20. Bc1 axb2 21. Bxb2
d4 22. Bb3 Rfd8 23. Qd3 Kh8 24. Rfc1 Rac8 25. Rc2 Ba7 26. Rac1 Rxc2 27. Rxc2 f4
28. Bxe6 Qxe6 29. Qe4 d3 30. Rd2 Qc4 31. e6 Qc5 32. Rd1 Qc2 33. Bxg7+ Kg8 34.
Ra1 Qe2 35. Qf5 1-0

[Event "4NCL Division Two"]
[Site "Daventry, ENG"]
[Date "2023.01.15"]
[Round "4.23"]
[White "Byron, Alan M"]
[Black "Mirzoeva, Elmira"]
[Result "1/2-1/2"]
[WhiteElo "2175"]
[BlackElo "2261"]
[PlyCount "57"]
[EventDate "2023.01.15"]
[WhiteTeam "The Rookies"]
[BlackTeam "Barnet Knights A"]

{[%evp 0,28,35,62,17,46,42,-6,-3,-6,-12,-36,24,-65,1,3,17,17,7,-77,-39,-57,-4,
-1,5,19,27,-48,76,-2,-8]} 1. e4 d6 2. d4 Nf6 3. Nc3 Nbd7 4. Nf3 e5 5. Bc4 Be7
6. O-O O-O 7. a4 c6 8. Ba2 b6 9. Re1 Bb7 10. h3 a6 11. Bg5 b5 12. axb5 cxb5 13.
dxe5 dxe5 14. Bxf6 Bxf6 15. Bd5 Bxd5 16. Nxd5 Nb6 17. Nxb6 Qxb6 18. Re3 Qc6 19.
Raa3 Rfd8 20. Rad3 Rxd3 21. Qxd3 Rc8 22. Qa3 Qb7 23. Rc3 h6 24. Rxc8+ Qxc8 25.
Qd3 Qc6 26. b4 g6 27. c3 Kg7 28. Nd2 Be7 29. Nf1 1/2-1/2

[Event "4NCL Division Two"]
[Site "Daventry, ENG"]
[Date "2023.01.15"]
[Round "4.24"]
[White "Villiers, Thomas"]
[Black "Jones, Christopher M"]
[Result "1-0"]
[WhiteElo "2141"]
[BlackElo "2130"]
[PlyCount "47"]
[EventDate "2023.01.15"]
[WhiteTeam "Barnet Knights A"]
[BlackTeam "The Rookies"]

1. d4 d5 2. Nf3 e6 3. Bg5 Be7 4. Bxe7 Qxe7 5. Nbd2 Nf6 6. e3 c5 7. c3 O-O 8.
Bd3 b6 9. Qe2 Bb7 10. Ne5 Nbd7 11. f4 Ne4 12. O-O f5 13. Nxd7 Qxd7 14. Nf3 a5
15. Ne5 Qc8 16. Bxe4 dxe4 17. Rfd1 cxd4 18. Rxd4 Rd8 19. Rxd8+ Qxd8 20. Rd1 Qe8
21. Rd7 Ba6 22. Qd1 h6 23. Qd6 Qh5 24. Qe7 1-0